|
|
|
|
| LEADER |
00000nab#a22000007a#4500 |
| 001 |
arbauad006892 |
| 003 |
AR-BaUAD |
| 005 |
20250711110812.0 |
| 008 |
941117|||||||||###||||||b###|0###a|spa|| |
| 040 |
|
|
|a AR-BaUAD
|c AR-BaUAD
|b spa
|
| 100 |
|
|
|a Schwartz, William J.
|
| 245 |
|
|
|a Shooting "The schedule masters" with Wesscam /
|c William J. Schwartz;
|
| 300 |
0 |
|
|b p. 378-381, 370-373, 402-403: il., fot.
|
| 653 |
|
|
|a CINE
|
| 653 |
|
|
|a DIRECCION DE FOTOGRAFIA
|
| 653 |
|
|
|a EQUIPOS
|
| 653 |
|
|
|a CAMARAS
|
| 653 |
|
|
|a SOPORTES PARA CAMARA
|
| 653 |
|
|
|a FILMACION AEREA
|
| 653 |
|
|
|a TECNICA
|
| 773 |
0 |
|
|t AMERICAN CINEMATOGRAPHER
|g v. 61, Nº4 [abr. 1980]
|
| 942 |
|
|
|c ARTI
|
| 952 |
|
|
|0 0
|1 0
|4 0
|7 0
|9 51812
|a AR-BAuAD
|b AR-BAuAD
|d 2025-07-11
|l 0
|p AAQA006892
|r 2025-07-11 11:08:12
|w 2025-07-11
|y ARTI
|
| 990 |
|
|
|a C198
|b TD
|
| 998 |
|
|
|a AAQ
|b BIBUN76
|
| 999 |
|
|
|c 31485
|d 31485
|